<?xml version="1.0" encoding="UTF-8"?>
<record
    xmlns:xsi="http://www.w3.org/2001/XMLSchema-instance"
    xsi:schemaLocation="http://www.loc.gov/MARC21/slim http://www.loc.gov/standards/marcxml/schema/MARC21slim.xsd"
    xmlns="http://www.loc.gov/MARC21/slim">

  <leader>00511nam a2200145Ia 4500</leader>
  <controlfield tag="008">180921t1976    xxu||||| ||||o00| 0 sin d</controlfield>
  <datafield tag="041" ind1=" " ind2=" ">
    <subfield code="a">sin</subfield>
  </datafield>
  <datafield tag="245" ind1=" " ind2=" ">
    <subfield code="a">&#xDA2;&#xDCF;&#xDAD;&#xDD2;&#xD9A; &#xDBB;&#xDCF;&#xDA2;&#xDCA;&#x200D;&#xDBA; &#xDC3;&#xDB7;&#xDCF;&#xDC0;&#xDDA; 1976 &#xD85;&#xD82;&#xD9A; 33 &#xDAF;&#xDBB;&#xDAB; &#xDB1;&#xDCF;&#xDC0;&#xDD2;&#xD9A; &#xDC4;&#xDB8;&#xDD4;&#xDAF;&#xDCF; ( &#xDC3;&#xD82;&#xDC1;&#xDDD;&#xDB0;&#xDB1; ) &#xDB4;&#xDB1;&#xDAD;</subfield>
  </datafield>
  <datafield tag="246" ind1=" " ind2=" ">
    <subfield code="a">Jathika Rajjya Sabawe 1976 Anka 33 Darana Nawika Hamuda ( Sanshodana ) Panatha</subfield>
  </datafield>
  <datafield tag="260" ind1=" " ind2=" ">
    <subfield code="c">1976</subfield>
  </datafield>
  <datafield tag="300" ind1=" " ind2=" ">
    <subfield code="a">28 cm</subfield>
  </datafield>
  <datafield tag="942" ind1=" " ind2=" ">
    <subfield code="c">BK</subfield>
  </datafield>
  <datafield tag="952" ind1=" " ind2=" ">
    <subfield code="0">0</subfield>
    <subfield code="1">0</subfield>
    <subfield code="4">0</subfield>
    <subfield code="7">0</subfield>
    <subfield code="8">GOV</subfield>
    <subfield code="a">MAIN</subfield>
    <subfield code="b">MAIN</subfield>
    <subfield code="d">2014-02-24</subfield>
    <subfield code="p">118544-60</subfield>
    <subfield code="r">2023-06-15</subfield>
    <subfield code="w">2023-06-15</subfield>
    <subfield code="y">BK</subfield>
  </datafield>
  <datafield tag="999" ind1=" " ind2=" ">
    <subfield code="c">64397</subfield>
    <subfield code="d">64397</subfield>
  </datafield>
  <controlfield tag="003">LK-CoDNM</controlfield>
  <datafield tag="040" ind1=" " ind2=" ">
    <subfield code="a">LK-CoDNM</subfield>
    <subfield code="d">LK-CoDNM</subfield>
    <subfield code="e">LK-CoDNM</subfield>
  </datafield>
</record>
